000 01606nam a2200409 i 4500
001 102054
003 FINmELB
005 20241217173207.0
006 m o u
007 cr cn|||||||||
008 210203s2018 sp o 000 f spa d
020 _a9788491810056
_q(e-book)
035 _a(OCoLC)1237566831
040 _aFINmELB
_bspa
_erda
_cFINmELB
050 4 _aPQ6639.N3
_bU536 2018
080 _a821.134.2-31"19"
082 0 4 _a863.62
_223
100 1 _aUnamuno, Miguel de,
_d1864-1936,
_eautor.
245 1 0 _aPaz en la guerra /
_cMiguel de Unamuno ; introducción de Juan Pablo Fusi.
264 1 _aMadrid :
_bAlianza Editorial,
_c2018.
300 _a1 recurso en línea (408 páginas)
336 _atexto
_btxt
_2rdacontent/spa
337 _acomputadora
_bc
_2rdamedia/spa
338 _arecurso en línea
_bcr
_2rdacarrier/spa
490 0 _aEl libro de bolsillo. Biblioteca de autor
490 0 _aUnamuno ;
_v9
588 _aDescripción basada en metadatos suministrados por el editor y otras fuentes.
590 _aRecurso electrónico. Santa Fe, Arg.: elibro, 2021. Disponible vía World Wide Web. El acceso puede estar limitado para las bibliotecas afiliadas a elibro.
651 0 _aSpain
_xHistory
_yCarlist War, 1873-1876
_vFiction.
651 4 _aEspaña
_xHistoria
_yGuerra Carlista, 1873-1876
_vFicción.
700 1 _aFusi, Juan Pablo,
_d1945-
_eeditor literario.
797 2 _aelibro, Corp.
856 4 0 _uhttps://elibro.net/ereader/politecnicointernacional/122885
999 _c102054
_d102054